000 00807nam a2200241 i 4500
001 bg
245 0 0 _aWireless hacking :
_bodkryj nieznane możliwości urządzeń do budowania sieci bezprzewodowych : edycja polska /
_cLee Barken [et al. ; tł. Adam Jarczyk].
260 _aGliwice :
_b"Helion",
_c2005.
300 _a324 s. :
_bil. ;
_c24 cm.
504 _aIndeks.
650 9 _aBezprzewodowa lokalna sieć komputerowa
655 _aPodręczniki
700 1 _aBARKEN, Lee
700 1 _aJARCZYK, Adam.
_eTł.
020 _a8373617949
040 _cBPK
041 1 _apol
_heng
080 _a004.732(07)
920 _a83-7361-794-9
942 _cKS
008 s pl f |000 0 pol
999 _c46183
_d46183
856 _uhttp://koha.tu.koszalin.pl/cgi-bin/koha/opac-detail.pl?biblionumber=46183
_yKatalog online BPK